[Event "FWCM 2013"]
[Site "Chennai"]
[Date "2013.11.22"]
[Round "10"]
[White "Carlsen, Magnus"]
[Black "Anand, Viswanathan"]
[Result "1/2-1/2"]
[WhiteElo "2870"]
[BlackElo "2775"]
[Annotator "Gmuer,Albi"]
[PlyCount "130"]
[EventDate "2013.??.??"]
[EventCountry "IND"]

1. e4 c5 2. Nf3 d6 3. Bb5+ Nd7 (3... Bd7 4. Bxd7+ Qxd7 5. c4 Nf6 6. Nc3 g6 7.
d4 cxd4 8. Nxd4 Bg7 9. f3 Qc7 10. b3 Qa5 11. Bb2 Nc6 12. O-O O-O 13. Nce2 Rfd8
14. Bc3 Qb6 15. Kh1 d5 16. Nxc6 bxc6 17. Qe1 Rdc8 18. e5 Ne8 19. e6 fxe6 20.
Nf4 Bxc3 21. Qxc3 d4 22. Qd2 c5 23. Rae1 Ng7 24. g4 Rc6 25. Nh3 Ne8 26. Qh6 Nf6
27. Ng5 d3 28. Re5 Kh8 29. Rd1 Qa6 30. a4 {1-0 (30) Carlsen,M (2843)-Anand,V 
(2780) Sao Paulo/Bilbao 2012}) 4. d4 cxd4 5. Qxd4 a6 6. Bxd7+ Bxd7 7. c4 ({Nach
} 7. O-O e5 8. Qd3 h6 9. c4 Nf6 10. Nc3 Be7 11. a4 b6 {erlitt Anand im letzten
Jahr in der Bundesliga eine unagenehme Niederlage.} 12. b3 Ra7 13. Rd1 Bc8 14.
Ba3 Rd7 15. Nd2 O-O 16. Nf1 Bb7 17. Ne3 Re8 18. Ncd5 Nxd5 19. Nxd5 Bxd5 20.
Qxd5 Qa8 21. Qxa8 Rxa8 22. Rd5 f6 23. Rad1 Rad8 24. g3 g5 25. f4 gxf4 26. gxf4
Kf7 27. Kf2 exf4 28. Kf3 Ke6 29. Bc1 Rc8 30. Bxf4 Bf8 31. h4 Rc6 32. h5 Rb7 33.
Be3 Rb8 34. Bd4 Rc7 35. Rg1 Bg7 36. Rg6 Rf7 37. Be3 Rd7 38. Rf5 Rf7 39. Kg4 Bf8
40. Bxh6 Bxh6 41. Rxh6 Rg7+ 42. Kf4 Rf8 43. a5 Rg1 44. axb6 Rb1 45. b7 Rxb3 46.
e5 dxe5+ 47. Rxe5+ Kd6 48. Rf5 Ke6 49. Rh7 Rd8 50. Rd5 {1-0 (50) Tiviakov,S 
(2673)-Anand,V (2799) Germany 2012}) 7... Nf6 (7... b5 $5 8. Na3 e5 9. Qd3 Qb6
10. O-O Qb7 11. Re1 Nf6 12. Bg5 Nh5 13. Nd2 h6 14. Be3 Be7 15. cxb5 axb5 16.
Nc2 Nf6 $15 {0-1 (61) Nevednichy,V (2574)-Cheparinov,I (2687) Bol 2013}) ({Im
Sommer geschah zwischen den gleichen Spielern:} 7... e5 8. Qd3 b5 9. Nc3 bxc4
10. Qxc4 Be6 11. Qd3 h6 12. O-O Nf6 13. Rd1 Be7 14. Ne1 O-O 15. Nc2 Qb6 16. Ne3
Rfc8 17. b3 a5 18. Bd2 Qa6 19. Be1 Nd7 20. f3 Rc6 21. Qxa6 Rcxa6 22. Ned5 Bd8
23. Nb5 Rc8 24. Bf2 Kh7 25. Kf1 Rcc6 26. Rac1 Bg5 27. Rc3 Bxd5 28. Rxd5 Rxc3
29. Nxc3 Rc6 30. Be1 Nc5 31. Nb5 Nb7 32. h4 Be3 33. Ke2 Bc5 34. h5 Bb4 35. Bd2
g6 36. a3 Bxd2 37. hxg6+ Kxg6 38. Kxd2 h5 39. g3 f6 40. Na7 Rc7 41. Nb5 Rc6 42.
Ke2 Kf7 43. b4 axb4 44. axb4 Ke6 45. Rd3 Rc4 46. Rb3 d5 47. Kd3 Rc6 48. exd5+
Kxd5 49. Rc3 f5 50. Nc7+ Kd6 51. Ne8+ Kd5 52. Rxc6 Kxc6 53. Ng7 Nd6 54. Nxh5
e4+ 55. fxe4 Nxe4 56. Kd4 Kb5 57. g4 fxg4 58. Kxe4 g3 59. Nxg3 Kxb4 {1/2-1/2 
(59) Carlsen,M (2868)-Anand,V (2783) Sandnes 2013}) 8. Bg5 e6 9. Nc3 Be7 10.
O-O (10. Rd1 Bc6 11. O-O O-O 12. Qd3 Qc7 13. a4 Rfd8 14. Rfe1 Rac8 15. Nd4 Be8
16. b3 Qc5 17. Be3 Qa5 18. Bd2 Qc5 19. h3 Nd7 20. Be3 Qa5 21. Qd2 Kh8 22. Nc2
Ne5 23. Rc1 Nc6 24. Red1 Bf6 25. Nd4 Qb4 26. Rb1 Nxd4 27. Bxd4 Bxd4 28. Qxd4 b5
29. axb5 axb5 30. Nxb5 Bxb5 31. cxb5 Qxb5 32. Rbc1 Qxb3 33. Rxc8 Rxc8 34. Qxd6
h6 35. Qd3 Qxd3 36. Rxd3 g5 37. h4 Kg7 38. hxg5 hxg5 39. f3 Rc4 40. Kf2 g4 41.
Kg3 gxf3 42. gxf3 Kf6 43. Rd7 Ra4 44. Rb7 Rc4 45. Rd7 Ra4 46. Rb7 Rc4 {1/2-1/2
(46) Fressinet,L (2708)-Ponomariov,R (2756) Paris 2013}) 10... Bc6 (10... Qc7)
11. Qd3 (11. Rfe1) 11... O-O 12. Nd4 Rc8 13. b3 Qc7 14. Nxc6 Qxc6 15. Rac1 h6
16. Be3 Nd7 17. Bd4 Rfd8 18. h3 Qc7 19. Rfd1 Qa5 20. Qd2 {Droht Sd5. Nach
Tausch auf d2 folgt das Zwischenschach auf e7.} Kf8 21. Qb2 {Droht erneut Sd5,
diesmal gefolgt vom Schlagen auf g7.} Kg8 22. a4 {Carlsen will noch
weiterspielen.} ({Mit} 22. Qd2 Kf8 ({Schwarz kann zum Beispiel mit} 22... Bg5
23. f4 Bf6 {auch abweichen.}) 23. Qb2 {könnte man ein Remis durch
Stellungswiederholung anbieten.}) 22... Qh5 23. Ne2 Bf6 24. Rc3 Bxd4 25. Rxd4
Qe5 26. Qd2 (26. Re3 Nb8 27. Qc3 Nc6 28. Rd2 $11) 26... Nf6 27. Re3 Rd7 28. a5
Qg5 $2 {Erlaubt den Vorstoss e5, da der Bauer d6 gefesselt ist.} (28... Rcd8
29. b4 Qg5 30. Nc3 $14) 29. e5 Ne8 30. exd6 $6 {Carlsen verzichtet hier auf
zwei objektiv bessere Möglichkeiten. Vielleicht war er nur auf Remis
programmiert.} (30. Nc3 Rc6 31. Na4 Rd8 32. Nb6 Qe7 33. b4 $16 {mit
Druckstellung für Weiß.}) ({Auch gut war} 30. b4 Rc6 31. c5 (31. Ng3) 31... d5
32. Rg4 Qe7 33. Reg3 Kh7 34. h4 $16) 30... Rc6 31. f4 Qd8 32. Red3 {Führt zu
Generalabtausch, was durchaus im Sinne von Carlsen ist.} Rcxd6 33. Rxd6 Rxd6
34. Rxd6 Qxd6 35. Qxd6 Nxd6 36. Kf2 Kf8 37. Ke3 Ke7 (37... g5 $6 {wäre ein
riskanter Versuch gewesen:} 38. Kd4 Ke7 39. Kc5 Kd7 40. Kb6 Kc8 41. fxg5 hxg5 {
mit Gewinnchancen für Weiss:} 42. c5 (42. g3 $2 Nf5) 42... Nb5 43. c6 bxc6 44.
g3 c5 45. h4 $18) 38. Kd4 Kd7 39. Kc5 (39. Ng3 Kc6 40. b4 f6 41. Ne4 Nxe4 42.
Kxe4 g6 43. g4 g5 44. fxg5 (44. f5 e5 45. Kf3 Kd6 46. Ke4 $11) 44... hxg5 $11)
39... Kc7 40. Nc3 (40. Ng3 g6 41. b4 f6 42. b5 h5 $11) 40... Nf5 41. Ne4 Ne3 (
41... Nh4 42. g3 {ist gut für Weiss:} Nf3 43. Nd6 ({Vorsicht, hier ist ein
Selbstmatt vesteckt:} 43. Nc3 $2 Nd2 44. b4 Nb3#) 43... Nd2 44. Ne8+ Kb8 45. b4
g5 46. fxg5 Ne4+ 47. Kd4 Nxg5 48. h4 Nf3+ 49. Ke4 $16) 42. g3 f5 ({Auch hier
gäbe es für Weiss die "Chance" zum Selbstmatt:} 42... Nc2 43. h4 Na1 44. b4
Nb3#) 43. Nd6 (43. Nd2 Nd1 44. Kd4 Nf2) 43... g5 44. Ne8+ (44. b4 gxf4 45. gxf4
Ng2 46. b5 Nxf4 47. b6+ {funktioniert nicht:} Kb8 48. h4 h5 49. Ne8 Ng6 50. Kd6
f4 $19) 44... Kd7 45. Nf6+ Ke7 (45... Kc7 46. Kd4 Nf1 47. Ke5 Nxg3 48. fxg5
hxg5 49. Kxe6 f4 50. Ng4 Nh1 51. Kf5 f3 52. Kxg5 f2 53. Ne3 Ng3 54. h4 Kd7 55.
h5 Ke7 56. h6 Kf7 57. Kf4 Ne2+ (57... f1=Q+ 58. Nxf1 Nxf1 59. b4 Nd2 60. c5 Nc4
61. Ke4 Nb2 62. Kd4 Kg6 63. b5 axb5 64. c6 bxc6 65. a6 Na4 66. a7 Nb6 67. Kc5
Na8 68. Kxc6 b4 69. Kb7 b3 70. Kxa8 b2 71. h7 Kxh7 72. Kb7 b1=Q+ 73. Kc8 {
remis.})) 46. Ng8+ ({Interessant war} 46. fxg5 $5 hxg5 47. Nh7 f4 (47... e5 48.
g4 f4 49. Nxg5 $18) 48. Nxg5 fxg3 49. Nf3 g2 50. Kb6 Nf5 51. Kxb7 Nd4 52. Ng1
e5 53. c5 Nxb3 54. Kxa6 Nxc5+ 55. Kb5 Kd6 56. h4 Nd7 57. h5 Nf6 58. a6 Kc7 59.
h6 e4 60. Ne2 {scheint remis.}) (46. Nh5 {ist unklar, wahrscheinlich remis.}
Kf7 47. Kb6 (47. fxg5 $2 {geht nicht:} hxg5 48. Kb6 e5 49. Kxb7 e4 50. c5 Nd5
$19) 47... Kg6 48. Kxb7 Kxh5 49. Kxa6 (49. c5 gxf4 50. gxf4 e5 51. fxe5 f4 52.
c6 f3 53. c7 f2 54. c8=Q f1=Q 55. Qd7 Qg2+ 56. Kxa6 $13) 49... gxf4 50. gxf4 e5
51. fxe5 f4 52. e6 Nf5 53. Kb6 f3 54. a6 f2 55. a7 f1=Q 56. a8=Q Qxh3 57. Qe8+
Kg5 58. b4 $13) 46... Kf8 47. Nxh6 (47. Nf6 Ke7 48. Ng8+ Kf8 {mit
Stellungswiederholung.}) 47... gxf4 48. gxf4 Kg7 {fängt den Springer, aber die
Partie ist trotzdem für Schwarz nicht gewonnen:} 49. Nxf5+ exf5 50. Kb6 Ng2 51.
Kxb7 Nxf4 52. Kxa6 Ne6 ({Oder} 52... Nxh3 53. Kb6 f4 54. a6 f3 55. a7 f2 56.
a8=Q f1=Q 57. Qb7+ Kg6 58. c5 {Weiss kann mit seinen zwei Bauern vielleicht
noch auf Gewinn spielen:}) 53. Kb6 f4 54. a6 f3 55. a7 f2 56. a8=Q f1=Q 57. Qd5
(57. Qc6 Kf6 58. b4 $11 {macht keinen Unterschied.}) 57... Qe1 (57... Qxh3 58.
c5 {und die Partie sollte mit den Damen auf dem Brett remis enden.}) 58. Qd6 (
58. c5 Qb4+ 59. Kc6 Nxc5 60. Qg5+ {kostet einen Bauern, ist aber immer noch
remis.}) 58... Qe3+ 59. Ka6 Nc5+ 60. Kb5 Nxb3 61. Qc7+ Kh6 62. Qb6+ {Forciert
das Remis.} Qxb6+ 63. Kxb6 Kh5 64. h4 Kxh4 65. c5 Nxc5 (65... Nxc5 66. Kxc5)
1/2-1/2